| Tag |
First Indicator |
Second Indicator |
Subfields |
| LEADER |
00000cam a22000008a 4500 |
| 001 |
in00001201921 |
| 005 |
20151002073142.0 |
| 008 |
940325s1994 nyu b 000 0 eng |
| 010 |
|
|
|a 94014832
|
| 020 |
|
|
|a 0805032983
|
| 035 |
|
|
|a (OCoLC)30155026
|
| 035 |
|
|
|9 AGM6439AM
|
| 040 |
|
|
|a DLC
|c DLC
|d IAI
|d TXA
|d UtOrBLW
|
| 043 |
|
|
|a n-us---
|a n-usp--
|
| 049 |
|
|
|a TXAM
|
| 050 |
0 |
0 |
|a E179.5
|b .T9577 1994
|
| 082 |
0 |
0 |
|a 973/.01
|2 20
|
| 100 |
1 |
|
|a Turner, Frederick Jackson,
|d 1861-1932.
|
| 245 |
1 |
0 |
|a Rereading Frederick Jackson Turner :
|b The significance of the frontier in American history, and other essays /
|c with commentary by John Mack Faragher.
|
| 250 |
|
|
|a 1st ed.
|
| 263 |
|
|
|a 9410
|
| 264 |
|
1 |
|a New York :
|b H. Holt,
|c 1994.
|
| 300 |
|
|
|a x, 255 pages ;
|c 24 cm.
|
| 336 |
|
|
|a text
|b txt
|2 rdacontent
|
| 337 |
|
|
|a unmediated
|b n
|2 rdamedia
|
| 338 |
|
|
|a volume
|b nc
|2 rdacarrier
|
| 504 |
|
|
|a Includes bibliographical references.
|
| 650 |
|
0 |
|a Frontier thesis.
|
| 650 |
|
0 |
|a Frontier and pioneer life
|z United States.
|
| 650 |
|
0 |
|a Sectionalism (United States)
|
| 651 |
|
0 |
|a West (U.S.)
|x History.
|
| 651 |
|
0 |
|a United States
|x History
|x Philosophy.
|
| 651 |
|
0 |
|a United States
|x Territorial expansion.
|
| 700 |
1 |
|
|a Faragher, John Mack,
|d 1945-
|
| 999 |
|
|
|a MARS
|
| 999 |
f |
f |
|s c2cfda9d-ac7c-35e7-a22a-99fccd00c16e
|i 862ba34d-d2b9-328e-af69-09711cf8b1ec
|t 0
|
| 952 |
f |
f |
|p normal
|a Texas A&M University
|b College Station
|c Sterling C. Evans Library
|d Evans: Library Stacks
|t 0
|e E179.5 .T9577 1994
|h Library of Congress classification
|i unmediated -- volume
|m A14818522550
|
| 998 |
f |
f |
|a E179.5 .T9577 1994
|t 0
|l Evans: Library Stacks
|